000 01259nam a22003737a 4500
001 BR7406135
003 BR-BrBNA
005 20230928084634.0
007 ta
008 230509b bl.||||| |||| 00| 0 por d
040 _aBR-BrBNA
_bpor
_cBiblioteca Nacional de Agricultura
041 _a(Por)
072 _aF25
_b3801
_b/G514
090 _ 3801 BR7406135
100 1 _aViana, M.F.
100 1 _aCosta, R.I. da
100 1 _aCosta, A.M. da
110 1 _aSuperintendencia do Desenvolvimento do Estado do Ceara, Fortaleza (Brasil). Depto. de Recursos Naturais. Div. de Pedologia e Geologia
245 1 _aRelatorio anual de analises de fertilidade [calagem, Ceara, Rio Grande do Norte, Piaui, fosforo, potassio, calcio, magnesio, aluminio, Brasil]
_b3. serie
260 3 _aFortaleza, CE (Brasil):
_c1974.
300 _a28 p.
500 _a29 graphs. (*) Documento disponível na(o) Superintendencia do Desenvolvimento do Estado do Ceara, Fortaleza (Brazil)
650 _aFERTILIDADE DO SOLO
650 _aFOSFORO
650 _aPOTASSIO
650 _aCALCIO
650 _aMAGNESIO
650 _aALUMINIO
650 _aRIO GRANDE DO NORTE
650 _aPIAUI
650 _aCEARA
909 _a202309
_bLucia
_c55
_dLucia Elande
942 _cBK
999 _c20221
_d20221